| 000 | 00639nam a22001697a 4500 | ||
|---|---|---|---|
| 003 | OSt | ||
| 005 | 20260416123747.0 | ||
| 008 | 260416b |||||||| |||| 00| 0 eng d | ||
| 020 | _a9789913603126 | ||
| 040 |
_cKABLIB _dKABLIB |
||
| 082 |
_223 _a025.8 _bREA |
||
| 245 |
_aReading Archives, Memory and Method from Makerere University : _bDebates and Insights / _cEdited by Edgar Fred Nabutanyi, Amon ashaba Mwiine, Edga C. Taylor, Josephine Ahikire, Levis Mugumya, Pamala Khanakwa. |
||
| 260 |
_aKampala _bMakerere University Press _cc2025 |
||
| 300 |
_axiii, 276p. ; _c24 cm. |
||
| 500 | _ainclude indexes and bibliographies | ||
| 942 |
_2ddc _cBOOK |
||
| 999 |
_c6211 _d6211 |
||